|
|
|
|
| LEADER |
00000nab a2200000 a 4500 |
| 001 |
vtls011131838 |
| 003 |
SK-MaSNL |
| 005 |
20260303150907.0 |
| 008 |
230222|2010 xo |||||||||||||||||slo| |
| 015 |
|
|
|a SNBRB
|
| 035 |
|
|
|a (uuid)1f8f3939-174a-47ee-9426-861e615e5f5f
|
| 035 |
|
|
|a (urnnbn)urn:nbn:sk:snk:ar-a09lwk
|
| 035 |
|
|
|a urn:nbn:sk:snk-aba9md
|
| 040 |
|
|
|a SNKBUCL
|b slo
|c SNKBUCL
|e AACR2
|
| 041 |
0 |
|
|a slo
|
| 044 |
|
|
|a xo
|c SK
|
| 100 |
1 |
|
|a Šadibol, Jozef
|4 aut
|9 333046
|
| 245 |
1 |
0 |
|a MODERNIZÁCIA DIGITÁLNEJ AEROTRIANGULÁCIE V LESNÍCKOM MAPOVANÍ
|c Jozef Šadibol
|
| 773 |
0 |
|
|t Acta Facultatis Forestalis Zvolen Czechoslovakia
|g Roč. 52, č. Suppl. 1 (2010), s. 147-159
|
| 954 |
|
|
|a odborná, vedecká literatúra pôvodná (slovenská)
|2 lita
|
| 958 |
|
|
|a OND
|
| 958 |
|
|
|a EUIPO
|
| 958 |
|
|
|a article13
|
| 999 |
|
|
|c 2014356
|d 2016286
|